000 01034nam a22002537a 4500
005 20100910150449.0
008 100910t xxu||||| |||| 00| 0 hin d
010 _aHIN-90426
020 _c200.00
_a9788190892742
035 _aHN-62772
037 _bDBAD / PUB
040 b _aDPL
_bHN
082 _a
100 _919362
_aहेमन्त कुमार
245 _aकहानी तोते राजा की /
_cहेमन्त कुमार
246 _aKahani tote raja ki
_bby Hemant Kumar
260 _aहापुड़
_bकाव्य प्रकाशन
_c2009
270 _aरेवती कुंज
_bहापुड़
_e245101
300 _a143पृ.
_c22सेमी (सजिल्द)
650 _91169
_aलघु कथाएँ, हिन्दी
700 _919359
942 _2ddc
_cHN
_h
_mहेमन्त
999 _c45234
_d45234